| 000 | 00789nam a22002177a 4500 | ||
|---|---|---|---|
| 999 |
_c3843 _d3843 |
||
| 001 | 3843 | ||
| 003 | BD-JhCC | ||
| 005 | 20171118211556.0 | ||
| 008 | 171118s1985 bg |||| |||| 000 0 ben d | ||
| 035 | _a(BD-JhCC)3843 | ||
| 040 |
_aBD-JhCC _dBD-JhCC |
||
| 041 | _aben | ||
| 082 |
_a891.4409 _bHAQ 1985 |
||
| 100 | _aহক, আবু মোহাম্মদ মোজাম্মেল | ||
| 245 |
_aশিল্প-সাহিত্য-সংস্কৃতিঃ বৈঠকি বিচার / _cআবু মোহাম্মদ মোজাম্মেল হক |
||
| 260 |
_aঢাকা : _bনন্দন প্রকাশনী, _c১৯৮৫. |
||
| 300 |
_a৯৮ পৃ. : _c২২ সেমি. |
||
| 650 | _aBengali Literature | ||
| 942 |
_2ddc _cBK |
||